Bien sûr! 3 : (Registro nro. 10255)

Detalles MARC
000 -LIDER
fixed length control field 00596nam a22002057a 4500
001 - NÚMERO DE CONTROL
Identificador de número de control 000078100
003 - IDENTIFICACDOR DE NÚMERO DE CONTROL
control field DO-SdBNP
005 - DATE AND TIME OF LATEST TRANSACTION
control field 20160610095551.0
008 - ELEMENTOS DE LONGITUD FIJA
fixed length control field 160601b 2002 dr xxu||||| |||| 00| 0 spa d
020 ## - ISBN
International Standard Book Number 8434883783
040 ## - FUENTE DE CATALOGACIÓN
Agencia que crea de manera original el registro BPMSU
Idioma de catalogación spa
Agencia que realiza la transcripción BPMSU
092 ## - LOCALLY ASSIGNED DEWEY DECIMAL CALL NUMBER
Número de clasificación xxxxx
Número de ítem (Cutter) xxxxx
100 1# - ASIENTO PRINCIPAL -- NOMBRE PERSONAL
Nombre personal Gallon, Fabienne
245 10 - MENCIÓN DE TITULO
Título Bien sûr! 3 :
Subtítulo méthode de français /
Mención de responsabilidad Fabienne Gallon, Cynthia Donson.
260 ## - PUBLICACIÓN, DISTRIBUCIÓN, ETC. (PIE DE IMPRENTA)
Lugar de publicación, distribución, etc [Madrid] :
Nombre del editor, distribuidor, etc. SM,
Fecha de publicación, distribución, etc [2002].
300 ## - DESCRIPCIÓN FÍSICA
Extensión 96 p. :
Otros detalles físicos il. ;
Dimensiones 28 cm. +
700 1# - ASIENTO SECUNDARIO -- NOMBRE PERSONAL
Nombre personal Donson, Cynthia
942 ## - ADDED ENTRY ELEMENTS (KOHA)
Source of classification or shelving scheme Dewey Decimal Classification
Koha item type Libros
956 ## - LOCAL ELECTRONIC LOCATION AND ACCESS (OCLC)
Método de acceso LOPEREZ
Materiales especificados 10
Enlace 20160601
Campo enlazado y núm. de secuencia BPMSU
Nombre de host 00041
Existencias
Withdrawn status Lost status Source of classification or shelving scheme Damaged status Not for loan Collection code Home library Current library Date acquired Source of acquisition Total Checkouts Barcode Date last seen Price effective from Koha item type
    Dewey Decimal Classification       Biblioteca Pública Metropolitana Salomé Ureña Biblioteca Pública Metropolitana Salomé Ureña 06/01/2016 Donado por FUNDI   BPMSU16060017 06/01/2016 06/01/2016 Libros